[Event "XIII C.to Italiano U20"]
[Site "Bratto - Castione della Presolana ITA"]
[Date "2005.08.23"]
[Round "4"]
[White "Brunello, Sabino"]
[Black "Boscolo, Marco"]
[Result "1-0"]
[WhiteElo "2373"]
[BlackElo "2006"]
[PlyCount "123"]
[EventDate "2005.08.20"]

1.e4 e6 2.d4 d5 3.e5 c5 4.c3 Nc6 5.Nf3 Bd7 6.a3 f6 7.Bd3 fxe5 8.Nxe5 Nxe5 
9.dxe5 g6 10.Nd2 Bg7 11.Nf3 Ne7 12.Bg5 Qc7 13.h4 Nc6 14.h5 Nxe5 15.hxg6 
Nxd3+ 16.Qxd3 h6 17.Bh4 Qb6 18.O-O-O Bb5 19.Qe3 d4 20.cxd4 Ba4 21.Rd2 cxd4
22.Nxd4 Rc8+ 23.Kb1 Rc2 24.Rxc2 Bxc2+ 25.Kxc2 Bxd4 26.Qb3 Rg8 27.Qxb6 Bxb6
28.Bg3 Rxg6 29.Kd3 Kf7 30.Ke4 Rg4+ 31.Kf3 Rg6 32.Be5 Rg5 33.Bf4 Rf5 34.g4 
Rb5 35.b4 a5 36.Rxh6 axb4 37.a4 Ra5 38.Rh7+ Kg6 39.Rxb7 Bc5 40.Rb5 Rxb5 
41.axb5 b3 42.Be5 Kf7 43.Bb2 Kg6 44.Kg3 e5 45.Kf3 e4+ 46.Kxe4 Bxf2 47.Bc1 
Bb6 48.Kd3 b2 49.Bxb2 Kg5 50.Bd4 Ba5 51.Bc3 Bb6 52.Ke4 Kxg4 53.Be5 Kg5 54.
Kd5 Kf5 55.Kc6 Be3 56.Bd6 Ke6 57.Bc5 Bf4 58.b6 Bh2 59.Kb7 Kd7 60.Bf2 Bd6 
61.Ka8 Kc6 62.b7 1-0

[Event "XIII C.to Italiano U20"]
[Site "Bratto - Castione della Presolana ITA"]
[Date "2005.08.23"]
[Round "4"]
[White "Castellano, Fabio Marco"]
[Black "Oblak, Mitja"]
[Result "1-0"]
[WhiteElo "1893"]
[BlackElo "1688"]
[PlyCount "62"]
[EventDate "2005.08.20"]

1.e4 c5 2.Nf3 d6 3.d4 cxd4 4.Nxd4 Nf6 5.Nc3 e6 6.Be2 a6 7.Be3 Be7 8.f4 Nc6
9.a4 Qc7 10.O-O O-O 11.Kh1 Re8 12.Bf3 Rb8 13.g4 Nxd4 14.Bxd4 e5 15.Be3 b5 
16.axb5 axb5 17.g5 Nd7 18.Nd5 Qc6 19.f5 f6 20.Bh5 Kf8 21.Bxe8 Kxe8 22.Rg1 
Bb7 23.h4 Qc4 24.Qd3 Bxd5 25.Qxd5 Qxc2 26.Rg2 Qc8 27.g6 hxg6 28.Rxg6 Bf8 
29.Rgg1 Qc2 30.Rg2 Qc8 31.Ra7 Ke7 1-0

[Event "XIII C.to Italiano U20"]
[Site "Bratto - Castione della Presolana ITA"]
[Date "2005.08.23"]
[Round "4"]
[White "De Nardi, Riccardo"]
[Black "Piccirillo, Edoardo"]
[Result "1-0"]
[WhiteElo "1717"]
[BlackElo "1653"]
[PlyCount "35"]
[EventDate "2005.08.20"]

1.e4 c6 2.d4 d5 3.Nc3 dxe4 4.Bc4 Bf5 5.f3 exf3 6.Nxf3 Nf6 7.O-O e6 8.Ne5 
Bg6 9.Bg5 Be7 10.h4 Bxc2 11.Nxf7 Kxf7 12.Qe2 Qxd4+ 13.Kh1 Bg6 14.Rad1 Qb6 
15.Qxe6+ Ke8 16.Qc8+ Bd8 17.Rfe1+ Kf8 18.Rxd8+ 1-0

[Event "XIII C.to Italiano U20"]
[Site "Bratto - Castione della Presolana ITA"]
[Date "2005.08.23"]
[Round "4"]
[White "Drezzadore, Dario"]
[Black "Tomassini, Ubaldo"]
[Result "0-1"]
[WhiteElo "2019"]
[BlackElo "1772"]
[PlyCount "133"]
[EventDate "2005.08.20"]

1.e4 c5 2.d4 cxd4 3.c3 d3 4.Bxd3 Nc6 5.c4 d6 6.Nc3 Nf6 7.Bg5 e6 8.Nf3 Be7 
9.O-O O-O 10.Rc1 a6 11.Qe2 Ng4 12.Bf4 Bf6 13.Rfd1 Nge5 14.Bb1 Qc7 15.b3 
Rd8 16.h3 Bd7 17.Be3 Nxf3+ 18.Qxf3 Ne5 19.Qg3 Bc6 20.Bg5 Bxg5 21.Qxg5 f6 
22.Qg3 Qf7 23.f4 Ng6 24.Ne2 Ne7 25.Nd4 Rd7 26.e5 dxe5 27.fxe5 Rad8 28.Qf2 
Ng6 29.Bc2 Nxe5 30.Nxc6 Nxc6 31.Rxd7 Rxd7 32.Rd1 h6 33.Qe3 Rxd1+ 34.Bxd1 
Qd7 35.Bf3 Kf7 36.Qb6 Ke7 37.b4 Qd4+ 38.Qxd4 Nxd4 39.Bxb7 Nc2 40.a3 Nxa3 
41.Bxa6 Kd6 42.Kf2 Kc6 43.Kg3 e5 44.Kh4 f5 45.Bc8 g6 46.Be6 e4 47.Kg3 Nc2 
48.b5+ Kc5 49.Bf7 g5 50.Kf2 e3+ 51.Ke2 f4 52.Bd5 Nd4+ 53.Kd3 Nxb5 54.Bf3 
Nd4 55.Bd5 Nc6 56.Ke2 Ne5 57.Ke1 Nxc4 58.Bf3 Kd4 59.Ke2 Nd2 60.Bh5 Ne4 61.
Bg4 Ng3+ 62.Ke1 h5 63.Bf3 Kd3 64.Kd1 e2+ 65.Ke1 Ke3 66.h4 g4 67.Bxg4 0-1

[Event "XIII C.to Italiano U20"]
[Site "Bratto - Castione della Presolana ITA"]
[Date "2005.08.23"]
[Round "4"]
[White "Ferrante, Marco"]
[Black "Bellemo, Davide"]
[Result "0-1"]
[WhiteElo "2113"]
[BlackElo "1847"]
[PlyCount "72"]
[EventDate "2005.08.20"]

1.e4 e5 2.Nf3 Nc6 3.d4 exd4 4.Bc4 Bc5 5.c3 Nf6 6.O-O d6 7.cxd4 Bb6 8.Qb3 
Na5 9.Qa4+ Bd7 10.Bb5 Bxb5 11.Qxb5+ Qd7 12.Qg5 O-O 13.Nc3 d5 14.exd5 Rad8 
15.Ne5 Qe7 16.Ng4 Nxd5 17.Qh5 Nb4 18.Bg5 f6 19.Be3 Nc2 20.Nd5 Qe8 21.Qf5 
Nxa1 22.Bh6 Qf7 23.Ndxf6+ gxf6 24.Bxf8 Kxf8 25.Nxf6 Rxd4 26.Qc8+ Kg7 27.
Ne8+ Kg6 28.Rxa1 Qxf2+ 29.Kh1 Qe2 30.h3 Rd2 31.Qg4+ Qxg4 32.hxg4 Re2 33.b4
Nc6 34.b5 Na5 35.Nxc7 Bxc7 36.Rc1 Bg3 0-1

[Event "XIII C.to Italiano U20"]
[Site "Bratto - Castione della Presolana ITA"]
[Date "2005.08.23"]
[Round "4"]
[White "Fezzardi, Emanuele"]
[Black "Damia, Angelo"]
[Result "1/2-1/2"]
[WhiteElo "1970"]
[BlackElo "2155"]
[PlyCount "53"]
[EventDate "2005.08.20"]

1.d4 d6 2.c4 e5 3.Nf3 Nc6 4.d5 Nce7 5.Nc3 f5 6.e4 Nf6 7.Bd3 g6 8.Bd2 Bg7 
9.h3 O-O 10.b4 a5 11.a3 axb4 12.axb4 Rxa1 13.Qxa1 fxe4 14.Nxe4 Nxe4 15.
Bxe4 Bf5 16.Qb1 c6 17.O-O cxd5 18.cxd5 Qd7 19.Rd1 Qb5 20.Bg5 Qe2 21.Re1 
Bxe4 22.Rxe2 Bxb1 23.Bxe7 Rc8 24.Re1 Bc2 25.Bxd6 e4 26.Ng5 Bc3 27.Rf1 
1/2-1/2

[Event "XIII C.to Italiano U20"]
[Site "Bratto - Castione della Presolana ITA"]
[Date "2005.08.23"]
[Round "4"]
[White "Fortino, Fabrizio"]
[Black "Rombaldoni, Axel"]
[Result "1-0"]
[WhiteElo "1965"]
[BlackElo "2137"]
[PlyCount "61"]
[EventDate "2005.08.20"]

1.e4 c5 2.c3 Nf6 3.e5 Nd5 4.d4 cxd4 5.Nf3 e6 6.cxd4 Nc6 7.a3 Be7 8.Bc4 Nc7
9.Nc3 O-O 10.O-O d5 11.Bd3 f5 12.exf6 Bxf6 13.Bc2 e5 14.dxe5 Nxe5 15.Nxe5 
Bxe5 16.Qh5 Bxh2+ 17.Qxh2 Bf5 18.Bxf5 Rxf5 19.Rd1 Qe7 20.Bf4 Ne6 21.Nxd5 
Qf7 22.Be3 Ng5 23.Nc3 Qg6 24.Bxg5 Rxg5 25.Rd6 Rxg2+ 26.Qxg2 Qxd6 27.Rd1 
Qe7 28.Ne4 Rf8 29.Qg4 Qe5 30.Ng5 Qxb2 31.Qe6+ 1-0

[Event "XIII C.to Italiano U20"]
[Site "Bratto - Castione della Presolana ITA"]
[Date "2005.08.23"]
[Round "4"]
[White "Fratino, Lorenzo"]
[Black "Gallucci, Alessio"]
[Result "1/2-1/2"]
[WhiteElo "1905"]
[BlackElo "1656"]
[PlyCount "91"]
[EventDate "2005.08.20"]

1.e4 c5 2.Nc3 Nc6 3.g3 g6 4.Bg2 Bg7 5.d3 d6 6.Be3 Nf6 7.h3 O-O 8.Nge2 Bd7 
9.Qd2 Qc8 10.Bh6 a6 11.g4 b5 12.Ng3 b4 13.Nce2 Rb8 14.O-O Rd8 15.Bxg7 Kxg7
16.f4 h5 17.g5 Nh7 18.h4 Rf8 19.f5 Qc7 20.Nf4 Ne5 21.Nd5 Qd8 22.f6+ exf6 
23.gxf6+ Kh8 24.Qh6 Rg8 25.Bf3 Bg4 26.Be2 Qf8 27.Qd2 Qd8 28.Ne7 Bxe2 29.
Nxe2 Qd7 30.Nxg8 Qg4+ 31.Kf2 Qxh4+ 32.Kg2 Rxg8 33.Qf4 Qg4+ 34.Qxg4 Nxg4 
35.Rf3 Nhxf6 36.Raf1 Kg7 37.Nf4 Nd7 38.Nd5 Nde5 39.Rf4 Kh6 40.Kh3 g5 41.
Nf6 gxf4 42.Nxg8+ Kg5 43.Ne7 Ne3 44.Rf2 N5g4 45.Rf3 Ne5 46.Rf2 1/2-1/2

[Event "XIII C.to Italiano U20"]
[Site "Bratto - Castione della Presolana ITA"]
[Date "2005.08.23"]
[Round "4"]
[White "Ghedin, Emanuele"]
[Black "Finocchiaro, Gianluca"]
[Result "1-0"]
[WhiteElo "1572"]
[BlackElo "1730"]
[PlyCount "29"]
[EventDate "2005.08.20"]

1.d4 Nf6 2.c4 e6 3.Nc3 d5 4.cxd5 exd5 5.Bg5 Nbd7 6.e3 c6 7.Qc2 Qa5 8.Bd3 
Bb4 9.Ne2 O-O 10.O-O-O Ne4 11.Bxe4 dxe4 12.h4 h6 13.Qxe4 hxg5 14.hxg5 g6 
15.Qh4 1-0

[Event "XIII C.to Italiano U20"]
[Site "Bratto - Castione della Presolana ITA"]
[Date "2005.08.23"]
[Round "4"]
[White "Hellweger, Stefan"]
[Black "Battistelli, Alessandro"]
[Result "1-0"]
[WhiteElo "1685"]
[BlackElo "1655"]
[PlyCount "29"]
[EventDate "2005.08.20"]

1.e4 e5 2.Nf3 Nc6 3.Bb5 a6 4.Bxc6 bxc6 5.O-O d6 6.d4 Bg4 7.dxe5 Bxf3 8.
Qxf3 dxe5 9.Qc3 Qd6 10.Na3 Qe6 11.Nc4 f6 12.Be3 Rc8 13.Na5 Ne7 14.Rad1 
Qxa2 15.b3 1-0

[Event "XIII C.to Italiano U20"]
[Site "Bratto - Castione della Presolana ITA"]
[Date "2005.08.23"]
[Round "4"]
[White "Lai, Luca"]
[Black "Cozzarin, Davide"]
[Result "0-1"]
[WhiteElo "1871"]
[BlackElo "1646"]
[PlyCount "48"]
[EventDate "2005.08.20"]

1.e4 c5 2.f4 Nc6 3.Nf3 d6 4.c3 Nf6 5.d3 g6 6.h3 Bg7 7.Be3 c4 8.Nbd2 cxd3 
9.Bxd3 O-O 10.Qe2 Nd7 11.g4 e6 12.f5 Nde5 13.Bc2 Re8 14.O-O-O Qa5 15.Nb3 
Qxa2 16.Rxd6 Bf8 17.Nxe5 Bxd6 18.Nc4 Bf8 19.f6 b5 20.Na3 b4 21.Qc4 bxa3 
22.Qxc6 axb2+ 23.Kd2 Ba6 24.Bf4 Rac8 0-1

[Event "XIII C.to Italiano U20"]
[Site "Bratto - Castione della Presolana ITA"]
[Date "2005.08.23"]
[Round "4"]
[White "Lain, Luigi"]
[Black "Lettieri, Giuseppe"]
[Result "0-1"]
[WhiteElo "2254"]
[BlackElo "2251"]
[PlyCount "84"]
[EventDate "2005.08.20"]

1.d4 Nf6 2.c4 e6 3.Nc3 Bb4 4.Qc2 d5 5.Bg5 dxc4 6.Nf3 b5 7.a4 c6 8.Bxf6 
Qxf6 9.axb5 cxb5 10.Qe4 Qf5 11.Qxa8 Qc2 12.Nd2 Qxb2 13.Rd1 Bxc3 14.f3 O-O 
15.Qxb8 Bxd4 16.Rb1 Qa2 17.Qxb5 c3 18.Ne4 Be3 19.Qb3 Qxb3 20.Rxb3 c2 21.
Rc3 c1=Q+ 22.Rxc1 Bxc1 23.Kd1 Be3 24.Kc2 Ba6 25.g3 Rc8+ 26.Kb3 Rc1 27.Bg2 
Rxh1 28.Bxh1 Bxe2 29.f4 Bd3 30.h3 Bf1 31.h4 Bd3 32.h5 Be2 33.h6 gxh6 34.
Kc3 Kg7 35.Nd6 Bf2 36.Ne4 Be1+ 37.Kd4 a6 38.Ke3 Bb5 39.Nd6 Bd7 40.g4 Bb4 
41.Nc4 Bb5 42.Nb2 a5 0-1

[Event "XIII C.to Italiano U20"]
[Site "Bratto - Castione della Presolana ITA"]
[Date "2005.08.23"]
[Round "4"]
[White "Laurenti, Stefano"]
[Black "Lapenna, Antonio"]
[Result "0-1"]
[WhiteElo "1937"]
[BlackElo "2056"]
[PlyCount "96"]
[EventDate "2005.08.20"]

1.e4 c5 2.Nc3 Nc6 3.f4 d6 4.Nf3 g6 5.Bb5 Bg7 6.Bxc6+ bxc6 7.O-O e6 8.d3 
Ne7 9.Qe1 O-O 10.Kh1 Rb8 11.e5 Nf5 12.Ne4 dxe5 13.Nxe5 Nd4 14.Qf2 f6 15.
Nc4 Qe7 16.c3 f5 17.Ng5 Nb5 18.Be3 Qc7 19.Bxc5 Rd8 20.a4 Nd6 21.Bxa7 Nxc4 
22.Bxb8 Qxb8 23.dxc4 h6 24.Nh3 Ba6 25.Qe2 Re8 26.Rad1 Qb3 27.Qd2 Bxc4 28.
Rfe1 Bd5 29.Ra1 Ra8 30.Ra3 Qc4 31.a5 c5 32.Nf2 Qb5 33.b4 Bf8 34.Rb1 Rd8 
35.Qe1 cxb4 36.cxb4 Qb7 37.Rg3 Kh7 38.b5 Bd6 39.Nh3 g5 40.Qe3 Be4 41.Rd1 
gxf4 42.Nxf4 Bxf4 43.Rxd8 Bxe3 44.Rxe3 Qxb5 45.Rd1 Qxa5 46.Rg3 Qc7 47.Kg1 
f4 48.Rg4 Bf5 0-1

[Event "XIII C.to Italiano U20"]
[Site "Bratto - Castione della Presolana ITA"]
[Date "2005.08.23"]
[Round "4"]
[White "Manconi, Antonio"]
[Black "Navarro, Stefano"]
[Result "1/2-1/2"]
[WhiteElo "1988"]
[BlackElo "2209"]
[PlyCount "66"]
[EventDate "2005.08.20"]

1.e4 e5 2.d4 exd4 3.Qxd4 Nc6 4.Qe3 Nf6 5.Nc3 Be7 6.Bc4 O-O 7.Bd2 d6 8.
O-O-O Ng4 9.Qe1 Nge5 10.Bf1 f5 11.f4 Ng6 12.Bc4+ Kh8 13.g3 fxe4 14.h4 Bf6 
15.Nd5 Bg4 16.Nxf6 Rxf6 17.h5 Nf8 18.h6 Bxd1 19.hxg7+ Kxg7 20.Qxd1 d5 21.
Bc3 d4 22.Be1 Qe7 23.Rh4 Qc5 24.Bb3 Na5 25.Bxa5 Qxa5 26.Rg4+ Ng6 27.Rg5 
Qb6 28.f5 Qb5 29.g4 Raf8 30.Nh3 h6 31.Rh5 Ne5 32.Nf4 Kh7 33.g5 Rc6 1/2-1/2

[Event "XIII C.to Italiano U20"]
[Site "Bratto - Castione della Presolana ITA"]
[Date "2005.08.23"]
[Round "4"]
[White "Massironi, Marco"]
[Black "Buono, Valerio"]
[Result "1-0"]
[WhiteElo "2122"]
[BlackElo "1977"]
[PlyCount "92"]
[EventDate "2005.08.20"]

1.e4 e5 2.Nf3 Nc6 3.Bb5 a6 4.Ba4 Nf6 5.O-O b5 6.Bb3 Be7 7.Re1 d6 8.h3 O-O 
9.c3 Na5 10.Bc2 c5 11.d4 Nc6 12.Nbd2 Re8 13.Nf1 h6 14.Ne3 Nh7 15.dxc5 dxc5
16.Nd5 Be6 17.Be3 Ra7 18.Nh2 Bf8 19.a4 Rd7 20.axb5 axb5 21.Qe2 Bxd5 22.
exd5 Rxd5 23.Qxb5 Qc7 24.Be4 Rb8 25.Qa4 Rd6 26.Bxc5 Re6 27.Bxf8 Kxf8 28.
Bxh7 g6 29.Qc2 Kg7 30.Bxg6 Rxg6 31.Qe2 f6 32.Ng4 Qc8 33.Kh1 Qb7 34.Qf3 h5 
35.Ne3 Ne7 36.Qxb7 Rxb7 37.b4 f5 38.Ra5 f4 39.Nc4 Rc6 40.Raxe5 Rxc4 41.
Rxe7+ Rxe7 42.Rxe7+ Kf6 43.Rh7 Rxc3 44.Rxh5 Rc1+ 45.Kh2 Rc2 46.f3 Rb2 1-0

[Event "XIII C.to Italiano U20"]
[Site "Bratto - Castione della Presolana ITA"]
[Date "2005.08.23"]
[Round "4"]
[White "Mora, Lorenzo"]
[Black "Covolan, Stefano"]
[Result "0-1"]
[WhiteElo "1820"]
[BlackElo "1691"]
[PlyCount "172"]
[EventDate "2005.08.20"]

1.Nf3 d5 2.g3 Nf6 3.Bg2 Nc6 4.O-O e5 5.d3 Bc5 6.Nbd2 O-O 7.c4 Re8 8.cxd5 
Nxd5 9.Ne4 Bb6 10.Qc2 Nd4 11.Nxd4 Bxd4 12.Bd2 c6 13.Kh1 f5 14.Nc3 Nxc3 15.
bxc3 Bc5 16.Rad1 Be6 17.f4 Bd5 18.e4 fxe4 19.dxe4 Bc4 20.Rfe1 Qa5 21.Rb1 
b5 22.Ra1 Rad8 23.fxe5 Rxe5 24.Bf4 Re6 25.Bh3 Ree8 26.Bf1 Bxf1 27.Rxf1 Bd6
28.Bxd6 Rxd6 29.Rf4 Rde6 30.Raf1 Qa4 31.Qd3 Qa3 32.Qf3 Qe7 33.Rf7 Qc5 34.
Rf5 Qe7 35.Rf7 Qc5 36.Rf4 Qe7 37.Kg2 Rxe4 38.Rf7 Re2+ 39.Kh1 Qe4 40.Qxe4 
R2xe4 41.Rxa7 Re1 42.Kg2 R8e2+ 43.Rf2 Rxf2+ 44.Kxf2 Rc1 45.Ra3 Rc2+ 46.Kf3
Rxh2 47.Ra6 Rh6 48.Kf4 Kf7 49.Ra7+ Ke6 50.a4 bxa4 51.Rxa4 Rg6 52.Ra5 h6 
53.g4 Rf6+ 54.Ke4 g5 55.Re5+ Kd6 56.Rf5 Re6+ 57.Kd4 Kc7 58.Re5 Rf6 59.Kc5 
Kd7 60.Re4 Rf3 61.c4 Rf4 62.Rd4+ Rxd4 63.Kxd4 Kd6 64.c5+ Ke6 65.Ke4 Kf6 
66.Kd4 Kg6 67.Ke5 h5 68.gxh5+ Kxh5 69.Kd6 g4 70.Kxc6 g3 71.Kb7 g2 72.c6 
g1=Q 73.c7 Qb1+ 74.Ka8 Qc2 75.Kb8 Qb3+ 76.Ka8 Qc4 77.Kb8 Qb5+ 78.Ka8 Qc6+ 
79.Kb8 Qb6+ 80.Ka8 Qc6+ 81.Kb8 Qd6 82.Ka8 Qf8+ 83.Kb7 Qe7 84.Ka8 Qe8+ 85.
Kb7 Qd7 86.Ka8 Qc8+ 0-1

[Event "XIII C.to Italiano U20"]
[Site "Bratto - Castione della Presolana ITA"]
[Date "2005.08.23"]
[Round "4"]
[White "Nizzardo, Mattia"]
[Black "Pulcini, Giorgio"]
[Result "0-1"]
[WhiteElo "1718"]
[BlackElo "1614"]
[PlyCount "120"]
[EventDate "2005.08.20"]

1.e4 e5 2.Nf3 Nc6 3.d4 Bd6 4.Bc4 exd4 5.Nxd4 Nxd4 6.Qxd4 Qf6 7.Be3 Be5 8.
Bxf7+ Kxf7 9.Qd5+ Qe6 10.Qxe6+ Kxe6 11.c3 Nf6 12.Nd2 Ng4 13.Bc5 b6 14.Ba3 
Nxh2 15.f3 Bg3+ 16.Ke2 Ba6+ 17.Ke3 g5 18.Nb3 c5 19.Bxc5 Nf1+ 20.Rhxf1 Bxf1
21.Bd4 Bc4 22.Bxh8 Rxh8 23.Nd4+ Ke5 24.Rh1 h5 25.Nf5 Bf4+ 26.Kf2 h4 27.Rd1
Be6 28.Nd4 a6 29.Nc2 Bg3+ 30.Kg1 h3 31.Nb4 a5 32.Nd5 hxg2 33.Kxg2 Bf4 34.
Nxb6 Rh2+ 35.Kg1 Rd2 36.Rxd2 Bxd2 37.Kf2 Kf4 38.Ke2 Be3 39.Nc8 Bc5 40.b4 
axb4 41.cxb4 Bc4+ 42.Kd1 Bxb4 43.Nb6 Be6 44.Ke2 Bc5 45.Na4 Bc4+ 46.Ke1 Bd4
47.Kd2 Kxf3 48.e5 g4 49.Nc3 Bxc3+ 50.Kxc3 Bxa2 51.Kd4 g3 52.Kc5 g2 53.Kd6 
Be6 54.Ke7 g1=Q 55.Ke8 Qe3 56.Ke7 Qxe5 57.Ke8 d5 58.Ke7 Bf5+ 59.Kd8 Qg7 
60.Ke8 d4 0-1

[Event "XIII C.to Italiano U20"]
[Site "Bratto - Castione della Presolana ITA"]
[Date "2005.08.23"]
[Round "4"]
[White "Parodi, Alessandro"]
[Black "Cappai, Davide"]
[Result "1/2-1/2"]
[WhiteElo "1923"]
[BlackElo "2115"]
[PlyCount "75"]
[EventDate "2005.08.20"]

1.d4 d5 2.c4 e5 3.dxe5 d4 4.a3 Nc6 5.e3 Bf5 6.Ne2 dxe3 7.Qxd8+ Rxd8 8.Bxe3
Nxe5 9.Nf4 c6 10.h4 Nf6 11.Nc3 Bd6 12.O-O-O Neg4 13.Re1 O-O 14.g3 Be5 15.
Bxa7 Rfe8 16.Bh3 Bxf4+ 17.gxf4 Nh6 18.Be3 Bxh3 19.Rxh3 Nf5 20.Kc2 Nh5 21.
Rhh1 Re6 22.Bb6 Rde8 23.Rxe6 Rxe6 24.Rd1 g6 25.Rd7 Re7 26.Rxe7 Nxe7 27.Bd8
Nf5 28.Ne4 Nxf4 29.Bc7 Ne6 30.Bg3 Nfd4+ 31.Kd3 f5 32.Ng5 Nxg5 33.Kxd4 Ne4 
34.c5 Kf7 35.b4 Ke6 36.a4 h6 37.b5 cxb5 38.axb5 1/2-1/2

[Event "XIII C.to Italiano U20"]
[Site "Bratto - Castione della Presolana ITA"]
[Date "2005.08.23"]
[Round "4"]
[White "Pulito, Alberto"]
[Black "Chinello, Gianmarco"]
[Result "1-0"]
[WhiteElo "2212"]
[BlackElo "2070"]
[PlyCount "95"]
[EventDate "2005.08.20"]

1.e4 e5 2.Nf3 Nc6 3.Nc3 Nf6 4.Bb5 Bb4 5.O-O O-O 6.d3 d6 7.Bg5 Bxc3 8.bxc3 
Qe7 9.Re1 Nd8 10.d4 Ne6 11.Bc1 Rd8 12.Bf1 c5 13.g3 b6 14.d5 Nc7 15.Nh4 h6 
16.Bg2 Re8 17.c4 Ba6 18.Nf5 Qd7 19.Qf3 Nh7 20.Qg4 Ne6 21.dxe6 fxe6 22.Nh4 
Nf6 23.Qg6 Qf7 24.Bf1 Qxg6 25.Nxg6 Kh7 26.Nh4 Rf8 27.Ng2 Ng4 28.f4 exf4 
29.gxf4 g5 30.h3 gxf4 31.Bxf4 e5 32.hxg4 exf4 33.Kf2 Bc8 34.Rad1 Rf6 35.e5
dxe5 36.Bd3+ Kg7 37.Be4 Rb8 38.Rd8 Rf8 39.Rxf8 Kxf8 40.Bf3 Ba6 41.Rxe5 
Bxc4 42.Bd5 Bxd5 43.Rxd5 Ke7 44.Nxf4 Rg8 45.Kf3 Rf8 46.Kg3 Rf6 47.Re5+ Kd7
48.Rf5 1-0

[Event "XIII C.to Italiano U20"]
[Site "Bratto - Castione della Presolana ITA"]
[Date "2005.08.23"]
[Round "4"]
[White "Ravagnati, Marco"]
[Black "Navarro, Tommaso"]
[Result "1/2-1/2"]
[WhiteElo "1658"]
[BlackElo "1805"]
[PlyCount "39"]
[EventDate "2005.08.20"]

1.e4 e5 2.Nf3 Nc6 3.Bc4 Bc5 4.c3 Nf6 5.d3 h6 6.Nbd2 d6 7.O-O O-O 8.h3 Be6 
9.Qb3 Na5 10.Qa4 Nxc4 11.Nxc4 c6 12.Ne3 Qc7 13.d4 Bb6 14.Qc2 Nh5 15.Rd1 
Nf4 16.Nf5 Bxf5 17.Bxf4 Bxe4 18.Qxe4 exf4 19.Qxf4 d5 20.Qxc7 1/2-1/2

[Event "XIII C.to Italiano U20"]
[Site "Bratto - Castione della Presolana ITA"]
[Date "2005.08.23"]
[Round "4"]
[White "Regorda, Massimiliano"]
[Black "Corsino, Gianluca"]
[Result "1/2-1/2"]
[WhiteElo "1802"]
[BlackElo "2053"]
[PlyCount "42"]
[EventDate "2005.08.20"]

1.e4 c5 2.Nf3 d6 3.Bb5+ Bd7 4.Bxd7+ Qxd7 5.O-O Nc6 6.d4 cxd4 7.Nxd4 Nf6 8.
Nc3 g6 9.Re1 Nxd4 10.Qxd4 Bg7 11.Nd5 O-O 12.Nxf6+ Bxf6 13.e5 Bg7 14.Qd3 
Rfd8 15.exd6 Qxd6 16.Qxd6 Rxd6 17.Bf4 Rd7 18.c3 b5 19.Rad1 Rad8 20.Rxd7 
Rxd7 21.Kf1 Kf8 1/2-1/2

[Event "XIII C.to Italiano U20"]
[Site "Bratto - Castione della Presolana ITA"]
[Date "2005.08.23"]
[Round "4"]
[White "Romano, Zeno"]
[Black "Reginato, Mauro"]
[Result "1/2-1/2"]
[WhiteElo "1860"]
[BlackElo "1679"]
[PlyCount "41"]
[EventDate "2005.08.20"]

1.e4 e5 2.Nf3 Nc6 3.Bc4 Bc5 4.c3 Nf6 5.d4 exd4 6.cxd4 Bb4+ 7.Bd2 d5 8.exd5
Bxd2+ 9.Nbxd2 Nxd5 10.Qb3 Na5 11.Qa4+ c6 12.Bxd5 Qxd5 13.O-O O-O 14.Rac1 
Qb5 15.Qxb5 cxb5 16.d5 b6 17.b4 Nc4 18.Nxc4 bxc4 19.Nd4 Bb7 20.Nf5 Rfd8 
21.Rfd1 1/2-1/2

[Event "XIII C.to Italiano U20"]
[Site "Bratto - Castione della Presolana ITA"]
[Date "2005.08.23"]
[Round "4"]
[White "Rostolis, Riccardo"]
[Black "Cocuzzi, Edoardo"]
[Result "1-0"]
[WhiteElo "1966"]
[BlackElo "1689"]
[PlyCount "49"]
[EventDate "2005.08.20"]

1.e4 e5 2.Nf3 Nc6 3.d4 exd4 4.Bc4 Bb4+ 5.c3 dxc3 6.bxc3 Ba5 7.O-O h6 8.Qb3
Qe7 9.Ba3 d6 10.e5 Nxe5 11.Nxe5 Qxe5 12.Bxf7+ Kf8 13.Bg6 Qe6 14.Qc2 Ne7 
15.Bd3 Qf6 16.Re1 Bb6 17.Re2 Bf5 18.Nd2 g6 19.Ne4 Qg7 20.Rae1 Bg4 21.Ng5 
Nc6 22.Ne6+ Bxe6 23.Rxe6 Qd7 24.Rf6+ Kg8 25.Bc4+ 1-0

[Event "XIII C.to Italiano U20"]
[Site "Bratto - Castione della Presolana ITA"]
[Date "2005.08.23"]
[Round "4"]
[White "Salafia, Andrea"]
[Black "Bartolini, Leonardo"]
[Result "0-1"]
[WhiteElo "1724"]
[BlackElo "1580"]
[PlyCount "52"]
[EventDate "2005.08.20"]

1.d4 d5 2.Nf3 Bf5 3.Bf4 Nf6 4.e3 e6 5.Bd3 Bg6 6.Bxg6 hxg6 7.c4 c6 8.c5 b6 
9.b4 a5 10.bxa5 bxc5 11.O-O c4 12.Bxb8 Qxb8 13.Qa4 Qb5 14.Qc2 Bd6 15.Nc3 
Qxa5 16.Ne2 Ne4 17.Ng3 Nxg3 18.fxg3 O-O 19.Ng5 Be7 20.Nxf7 Rxf7 21.Rxf7 
Kxf7 22.Rf1+ Bf6 23.g4 Qxa2 24.Qc1 Ke7 25.e4 Bxd4+ 26.Kh1 Qa1 0-1

[Event "XIII C.to Italiano U20"]
[Site "Bratto - Castione della Presolana ITA"]
[Date "2005.08.23"]
[Round "4"]
[White "Tomba, Ivan"]
[Black "Ronchetti, Niccolo'"]
[Result "1/2-1/2"]
[WhiteElo "2232"]
[BlackElo "2395"]
[PlyCount "25"]
[EventDate "2005.08.20"]

1.e4 c5 2.Nf3 Nc6 3.d4 cxd4 4.Nxd4 Nf6 5.Nc3 e6 6.Nxc6 bxc6 7.e5 Nd5 8.Ne4
Qc7 9.f4 Qa5+ 10.Bd2 Qb6 11.Bd3 Bb7 12.Qe2 c5 13.c4 1/2-1/2

[Event "XIII C.to Italiano U20"]
[Site "Bratto - Castione della Presolana ITA"]
[Date "2005.08.23"]
[Round "4"]
[White "Valsecchi, Alessio"]
[Black "Frilli, Guido"]
[Result "0-1"]
[WhiteElo "1945"]
[BlackElo "2120"]
[PlyCount "50"]
[EventDate "2005.08.20"]

1.e4 c5 2.Nf3 Nc6 3.d4 cxd4 4.Nxd4 Nf6 5.Nc3 e5 6.Ndb5 d6 7.a4 Bg4 8.f3 
Be6 9.Bg5 a6 10.Na3 Qb6 11.Nd5 Bxd5 12.exd5 Nb4 13.Bxf6 gxf6 14.c3 Nxd5 
15.Qxd5 Qxb2 16.Qd1 Qxc3+ 17.Kf2 d5 18.Qxd5 Bxa3 19.Qxb7 Qd4+ 20.Kg3 Qf4+ 
21.Kh3 Qh6+ 22.Kg3 Rg8+ 23.Kf2 Bc5+ 24.Ke1 Qe3+ 25.Be2 Qc3+ 0-1

[Event "XIII C.to Italiano U20"]
[Site "Bratto - Castione della Presolana ITA"]
[Date "2005.08.23"]
[Round "4"]
[White "Zermian, Federico"]
[Black "Trazzi, Enrico"]
[Result "1-0"]
[WhiteElo "1500"]
[BlackElo "1670"]
[PlyCount "125"]
[EventDate "2005.08.20"]

1.e4 g6 2.Nf3 Bg7 3.Bc4 c6 4.Nc3 d6 5.d3 b5 6.Bb3 Nd7 7.Be3 a5 8.a4 b4 9.
Ne2 Bxb2 10.Rb1 Bg7 11.Ng5 Nh6 12.Nd4 Bxd4 13.Bxd4 e5 14.Be3 Nf6 15.h3 
Nfg8 16.O-O f6 17.Nf3 Nf7 18.Bxf7+ Kxf7 19.Nh2 Ne7 20.Ng4 Bxg4 21.Qxg4 Qc8
22.Qg3 g5 23.Qf3 Kg7 24.d4 Qe6 25.Rbd1 Rhd8 26.dxe5 dxe5 27.Rxd8 Rxd8 28.
Bb6 Rb8 29.Bxa5 b3 30.cxb3 Rxb3 31.Qd1 Ng6 32.Qg4 Qc4 33.Bd2 Qxa4 34.Rc1 
Rb2 35.Qd7+ Kh6 36.Be3 Rc2 37.Rxc2 Qxc2 38.Qg4 Qb1+ 39.Kh2 Qb7 40.g3 Kg7 
41.h4 h6 42.h5 Ne7 43.Bc5 Qc8 44.Kh3 f5 45.exf5 Qxf5 46.Bxe7 Qxf2 47.Qe6 
Qf1+ 48.Kg4 Qe2+ 49.Kf5 Qf3+ 50.Kxe5 Qxg3+ 51.Kd4 Qh4+ 52.Kc5 Qxh5 53.Bf6+
Kh7 54.Qe7+ Kg6 55.Qe8+ Kxf6 56.Qxh5 Kf5 57.Qe2 g4 58.Qd3+ Kg5 59.Kd4 h5 
60.Qg3 h4 61.Qe5+ Kg6 62.Qf4 Kh5 63.Qf5+ 1-0

[Event "XIII C.to Italiano U20"]
[Site "Bratto - Castione della Presolana ITA"]
[Date "2005.08.24"]
[Round "5"]
[White "Bartolini, Leonardo"]
[Black "Romano, Zeno"]
[Result "0-1"]
[WhiteElo "1580"]
[BlackElo "1860"]
[PlyCount "40"]
[EventDate "2005.08.20"]

1.d4 d5 2.Nf3 Nf6 3.Bf4 e6 4.e3 c5 5.c3 Nc6 6.Nbd2 Be7 7.h3 O-O 8.Bd3 Bd7 
9.Ne5 Nxe5 10.dxe5 Ne8 11.g4 Bc6 12.g5 d4 13.Bxh7+ Kxh7 14.Qh5+ Kg8 15.Rh2
g6 16.Qg4 Ng7 17.Nf1 Qd5 18.Ng3 Qf3 19.Qh4 d3 20.Rd1 Nf5 0-1

[Event "XIII C.to Italiano U20"]
[Site "Bratto - Castione della Presolana ITA"]
[Date "2005.08.24"]
[Round "5"]
[White "Battistelli, Alessandro"]
[Black "Salafia, Andrea"]
[Result "1/2-1/2"]
[WhiteElo "1655"]
[BlackElo "1724"]
[PlyCount "35"]
[EventDate "2005.08.20"]

1.e4 c6 2.d4 d5 3.e5 Bf5 4.Ne2 e6 5.Ng3 Bg6 6.h4 h6 7.h5 Bh7 8.Bd3 Bxd3 9.
Qxd3 c5 10.c3 cxd4 11.cxd4 Bb4+ 12.Bd2 Bxd2+ 13.Nxd2 Nc6 14.Nb3 Rc8 15.Qb5
Ne7 16.Ne2 O-O 17.Nc3 b6 18.Qe2 1/2-1/2